000 00402nam a22001697a 4500
003 MPLRDC
005 20220104114525.0
008 210129b ||||| |||| 00| 0 eng d
082 _a857.63 GL-3
100 _a高旅
245 _a补鞋匠传奇
_c
250 _a再版
260 _a
_b上海书局有限公司
_c1977
300 _b
650 _a短篇小说--别集
942 _cBK
_o857.63 GL-3
999 _c8140
_d8130